| 000 | 00938cam a22002775a 4500 | ||
|---|---|---|---|
| 001 | 17357331 | ||
| 005 | 20150730142350.0 | ||
| 008 | 120622s2013 enkado frb 001 0 eng d | ||
| 020 | _a9780415672498 (hbk) | ||
| 020 | _a9780415672504 (pbk) | ||
| 020 | _a9780203081976 (ebk) | ||
| 040 |
_aDLC _beng _cDLC _dDLC _dEG-ScBUE |
||
| 082 | 0 | 4 |
_a338.47910688 _bMOR _222 |
| 100 | 1 | _aMorrison, Alastair M. | |
| 245 | 1 | 0 |
_aMarketing and managing tourism destinations / _cAlastair M. Morrison. |
| 260 |
_aAbingdon ; _aNew York : _bRoutledge / Taylor & Francis Group, _c2013. |
||
| 300 |
_axxxiii, 596 p. : _bcharts, tables, photographs ; _c25 cm. |
||
| 500 | _aIndex : p. 580-596. | ||
| 504 | _aIncludes bibliographical references. | ||
| 650 | 0 |
_aTourism _xMarketing. _2BUEsh _919243 |
|
| 650 | 0 |
_aTourism _xManagement. _2BUEsh |
|
| 651 | _2BUEsh | ||
| 653 |
_bBUSADM _cMay2015 |
||
| 655 |
_vreading book _934232 |
||
| 942 |
_2ddc _k338.47910688 MOR |
||
| 999 |
_c19473 _d19445 |
||